[Event "HCL-C291"]
[Site "www.playchess.de"]
[Date "2001.04.18"]
[Round "16"]
[White "MEATHEAD"]
[Black "waspranger"]
[WhiteElo "794"]
[BlackElo "1259"]
[PlyCount "54"]
[Result "0-1"]

1.e4 d6 2.d4 f5 3.Bd3 fxe4 4.Bxe4 Nf6 5.f3 e5 
6.dxe5 Nxe4 7.fxe4 Qh4+ 8.g3 Qxe4+ 9.Qe2 Qxh1 
10.Kf1 Bh3+ 11.Kf2 Qxh2+ 12.Kf3 Qh1+ 13.Kf2 Qg2+ 
14.Ke1 Qxg1+ 15.Kd2 Qg2 16.exd6+ Qxe2+ 17.Kxe2 
Bg4+ 18.Kf2 Bxd6 19.Be3 O-O+ 20.Kg1 Bxg3 21.Nc3 
Rf3 22.Bd4 Nc6 23.Ne2 Re8 24.Nxg3 Rxg3+ 25.Kh2 
Rh3+ 26.Kg2 Re2+ 27.Kg1 Bf3 0-1

[Event "HCL-B305"]
[Site "www.playchess.de"]
[Date "2001.04.18"]
[Round "10"]
[White "Percolator"]
[Black "guanzi"]
[WhiteElo "1500"]
[BlackElo "1369"]
[PlyCount "59"]
[Result "1-0"]

1.d4 {Hej! Kul med en svensk, Lycka till!}  Nf6 
{Hej, och lycka till du med.}  2.c4 e6 3.Nc3 Bb4 
4.Bd2 O-O 5.e3 c6 6.Nf3 d5 7.Bd3 h6 8.O-O b6 9.a3 
Bd6 10.h3 Ba6 11.b3 Re8 12.Qc2 c5 13.Rfe1 Bb7 
14.Rac1 a6 15.b4 dxc4 16.Bxc4 Bxf3 17.gxf3 Qc7 
18.Ne4 Be7 19.dxc5 bxc5 20.b5 a5 21.a4 Nbd7 22.Kh1 
Ne5 23.Be2 Ned7 24.Reg1 Nxe4 25.Qxe4 Nf6 26.Qh4 
Kf8 27.Bc3 Nh7 28.Bxg7+ Kg8 29.Qxh6 Bg5 
30.Rxg5 1-0

[Event "HCL-A138"]
[Site "www.playchess.de"]
[Date "2001.04.18"]
[Round "11"]
[White "Whatever"]
[Black "One_i"]
[WhiteElo "1520"]
[BlackElo "1646"]
[PlyCount "85"]
[Result "1-0"]

1.e4 {Have a good game.}  d5 {Here we go again. 
Good luck!}  2.exd5 Nf6 3.c4 e6 4.dxe6 Bxe6 5.Nf3 
Bc5 6.d4 Bb4+ 7.Bd2 Qe7 8.Qe2 Bxd2+ 9.Nbxd2 Qb4 
10.d5 O-O 11.dxe6 Qxb2 12.Rb1 {Always something 
new.}  Qxa2 {Have to keep it fresh!}  13.Rxb7 Nc6 
14.Rxc7 Nb4 15.Nd4 Qa1+ 16.Qd1 Qxd4 17.Be2 Nd3+ 
18.Bxd3 Qxd3 19.Qe2 Qxe2+ 20.Kxe2 Rfe8 21.e7 g6 
22.Ra1 a6 23.f3 Kg7 24.Kd3 Ng8 25.Re1 f5 26.Nb3 
Kf7 27.Kc3 Rxe7 28.Rexe7+ Nxe7 29.Na5 Ke6 30.Kb4 
h5 31.Nc6 Nxc6+ 32.Rxc6+ Kf7 33.Rc5 Ra7 34.Rd5 Ke6 
35.Rd2 f4 36.c5 a5+ 37.Kb5 a4 38.Kb6 Rd7 39.Re2+ 
Kf5 40.c6 Rd3 41.Rc2 a3 42.c7 Rb3+ 
43.Kc6 1-0

[Event "HCL-C294"]
[Site "www.playchess.de"]
[Date "2001.04.18"]
[Round "23"]
[White "Wee_Doogie"]
[Black "Rengar"]
[WhiteElo "1478"]
[BlackElo "1153"]
[PlyCount "57"]
[Result "1-0"]

1.e4 e6 2.d4 d5 3.Nd2 Nf6 4.e5 Nfd7 5.Bd3 c5 6.c3 
Nc6 7.Ne2 Qb6 8.Nf3 cxd4 9.cxd4 Bb4+ 10.Bd2 f5 
11.O-O O-O 12.a3 Bxd2 13.Qxd2 Qc7 14.b4 Nb6 
15.Rfc1 Qe7 16.b5 Nd8 17.a4 Bd7 18.a5 Nc8 19.Rc7 
a6 20.bxa6 bxa6 21.Nf4 Qe8 22.Qe2 Bb5 23.Bxb5 Qxb5 
24.Qxb5 axb5 25.Ng5 Nb6 26.Ngxe6 Nxe6 27.Nxe6 Rfc8 
28.Rxg7+ Kh8 29.Ng5 1-0

[Event "HCL-X003"]
[Site "www.playchess.de"]
[Date "2001.04.18"]
[Round "6"]
[White "ajedrez"]
[Black "dzwonek"]
[WhiteElo "2343"]
[BlackElo "2380"]
[PlyCount "57"]
[Result "1/2-1/2"]

1.e4 {Hi, glad to meet you.}  c5 {Have a good 
game!}  2.Nf3 a6 3.d4 cxd4 4.Nxd4 Nf6 5.Nc3 e5 
6.Nb3 Bb4 7.Bd2 O-O 8.Bd3 Bxc3 9.Bxc3 d5 10.exd5 
Nxd5 11.Ba5 Qd7 12.Qh5 Nf6 13.Qh4 Qc6 14.f3 Be6 
15.O-O Re8 16.Rfe1 Nbd7 17.Bc3 Qc7 18.Re2 a5 19.a4 
Bxb3 20.cxb3 Qb6+ 21.Qf2 Qxb3 22.Bb5 Re7 23.Rd2 
Rc8 24.Rad1 Nf8 25.Qa7 e4 26.Qxa5 exf3 27.gxf3 Qe6 
28.Re2 Qb3 29.Red2 {or you chose another 
response.}  1/2-1/2

[Event "HCL-C297"]
[Site "www.playchess.de"]
[Date "2001.04.18"]
[Round "18"]
[White "Yurispb"]
[Black "Chopz8va"]
[WhiteElo "1510"]
[BlackElo "1083"]
[PlyCount "45"]
[Result "1-0"]

1.e4 e5 {Hello & Good Luck}  2.f4 Nc6 3.Nf3 
{Hello}  d6 4.Bc4 Na5 5.Bb5+ c6 6.Bd3 Bg4 7.b4 
Bxf3 8.Qxf3 exf4 9.Qxf4 d5 10.bxa5 Qf6 11.Qxf6 
Nxf6 12.Nc3 d4 13.Ne2 O-O-O 14.a6 b6 15.O-O Bc5 
16.e5 Nd5 17.Rxf7 Rd7 18.Rxd7 Kxd7 19.Bb2 Re8 
20.Bf5+ Kd8 21.Bxd4 Bxd4+ 22.Nxd4 Rxe5 
23.Nxc6+ 1-0

[Event "HCL-C297"]
[Site "www.playchess.de"]
[Date "2001.04.18"]
[Round "20"]
[White "Yurispb"]
[Black "ELCUERVO"]
[WhiteElo "1510"]
[BlackElo "1000"]
[PlyCount "67"]
[Result "1-0"]

1.e4 Nf6 2.e5 Ne4 3.d3 Nc5 4.d4 Nca6 5.Nf3 d6 
6.Nc3 e6 7.Bd3 d5 8.Ne2 c5 9.c3 Qa5 10.O-O cxd4 
11.cxd4 Nb4 12.Bb1 g6 13.Bg5 Nd7 14.Qd2 Bg7 15.Bh6 
O-O 16.Bxg7 Kxg7 17.Rc1 a6 18.Rc3 Nc6 19.Ng5 b5 
20.Nxh7 Kxh7 21.Rh3+ Kg8 22.Nc3 f6 23.Qh6 Kf7 
24.exf6 Nxf6 25.Bxg6+ Ke7 26.Qg7+ Kd6 27.Qxf8+ Ne7 
28.Qxf6 Nc6 29.Rh7 Qd8 30.Qf4+ e5 31.dxe5+ Nxe5 
32.Re1 Qg8 33.Qxe5+ Kc6 34.Qc7+ 1-0

[Event "HCL-A144"]
[Site "www.playchess.de"]
[Date "2001.04.18"]
[Round "9"]
[White "janus"]
[Black "easykiller"]
[WhiteElo "1917"]
[BlackElo "1661"]
[PlyCount "59"]
[Result "1-0"]

1.e4 {Hi Easykiller - good luck to you for our 
next game !}  c5 {Hi! It seemed that a group will 
be easy, but now for you!}  2.Nf3 {You are the 
strongest opponent, I´m sur !! Do you think to our 
other game ?}  Nc6 {I hope it will be draw, but I 
am not sure 100% about it.}  3.Bb5 {I think so too 
- perhaps i have a very little chance to win ?!}  
g6 {Your position is a little bit better.}  4.O-O 
{Yep - do you need more time in our other game 
*smile* ?}  Bg7 {Yes, every evening I will analyse 
this position, you are strong.}  5.Re1 {Thanks for 
the compliment - take the time you need, it´s ok 
!!!}  Nf6 {Do you have FIDE rating ?}  6.e5 {No - 
I´m only a hobby-player.}  Nd5 7.Nc3 Nc7 8.Bxc6 
bxc6 9.Ne4 Ne6 10.Rb1 O-O 11.b3 Qa5 12.a3 Ba6 
13.d3 Rab8 14.Be3 Qb5 15.c4 Qa5 16.Nxc5 Nxc5 17.b4 
Qc7 18.Bxc5 d6 {Janus, you are very strong hobby 
player !}  19.exd6 {Thank you for the compliment ! 
But sometimes I´m blind and loose my queen (2x) 
!!}  exd6 20.Bd4 Rbe8 21.Bxg7 Kxg7 22.Qd2 Qd7 
23.Qf4 f6 24.Qd4 h6 25.Nd2 Re6 26.Rxe6 Qxe6 
27.Qxa7+ Rf7 28.Qxa6 Re7 {Have you seen the 
message about you?}  29.Qxc6 {Yes - and I´ve 
smiled very much and it´s a great honour for me 
;-)) !!!}  Qe2 {For me too, to play three times 
against K}  30.Qxd6 {But I´m not Kasparov *smile* 
- I´m sorry for the desillusion ;-)) !!} 
 1-0

[Event "HCL-B312"]
[Site "www.playchess.de"]
[Date "2001.04.18"]
[Round "14"]
[White "GM2600"]
[Black "mouloud"]
[WhiteElo "1500"]
[BlackElo "1200"]
[PlyCount "67"]
[Result "1-0"]

1.e4 c5 2.Nf3 Nc6 3.d4 e6 4.Be3 cxd4 5.Nxd4 Nf6 
6.Nc3 Bb4 7.Nxc6 bxc6 8.Bd3 O-O 9.e5 Nd5 10.Bd2 
Qa5 11.Nxd5 cxd5 12.c3 Be7 13.Qg4 Qb6 14.Bh6 g6 
{oh... my... god...}  15.Bxf8 Bxf8 16.Qe2 {I see 
jensm beat both of us :-(}  Rb8 {yes, I think he 
has a brain :-(}  17.Rb1 Qa5 18.O-O Qxa2 19.b4 
Qxe2 20.Bxe2 d6 21.Rba1 dxe5 22.Rxa7 Kg7 23.Ba6 
Bxa6 24.Rxa6 Bxb4 25.cxb4 Rxb4 26.f3 h5 27.Re1 
{This lokks drawish, but lets play a few more 
turns.}  Kf6 {draw?!?...}  28.Ra7 {I accept a draw 
later maybe, not yet.}  Rb2 29.h4 Rb4 30.g3 Rb3 
31.Kf2 Rb2+ 32.Re2 Rb4 33.Rc2 Rb8 
34.Rcc7 1-0

[Event "HCL-A140"]
[Site "www.playchess.de"]
[Date "2001.04.18"]
[Round "17"]
[White "DaRkFoRcE"]
[Black "whatsleft2"]
[WhiteElo "1724"]
[BlackElo "1811"]
[PlyCount "56"]
[Result "0-1"]

1.e4 d5 {goodluck}  2.exd5 {thanks, good luck 4 u 
too}  Nf6 3.Nc3 Nxd5 4.Bc4 Nb6 5.Bb3 Nc6 6.Nf3 Bg4 
7.O-O e6 8.Re1 Nd4 9.Re4 Bxf3 10.Rxd4 Qxd4 11.Qxf3 
Qe5 12.Ne2 Bd6 13.g3 O-O-O 14.d4 Qf6 15.Qg2 c5 
16.c3 Kb8 17.Be3 Qf5 18.g4 Qd3 19.dxc5 Bxc5 20.Nd4 
Bxd4 21.Bxd4 Rxd4 22.cxd4 Qxd4 23.Qg3+ Ka8 24.Rd1 
Qxb2 25.Qc7 Qf6 26.Rc1 h5 27.Ba4 Qg5 28.Bc6 
Qxc1+ 0-1

[Event "HCL-A145"]
[Site "www.playchess.de"]
[Date "2001.04.18"]
[Round "10"]
[White "myosotis1984"]
[Black "Felix"]
[WhiteElo "1331"]
[BlackElo "1660"]
[PlyCount "32"]
[Result "0-1"]

1.e4 c5 2.Nf3 d6 3.d4 cxd4 4.Nxd4 Nf6 5.Nc3 g6 
6.Bc4 Bg7 7.Be3 O-O 8.O-O Nc6 9.f3 Bd7 10.a4 Ne5 
11.Bb3 a6 12.h3 Qc7 13.Qe2 Rfc8 14.f4 Nc4 15.Bc1 
Qb6 16.Qf2 Nxe4 0-1

[Event "HCL-C302"]
[Site "www.playchess.de"]
[Date "2001.04.18"]
[Round "4"]
[White "YoYo"]
[Black "trebli"]
[WhiteElo "1263"]
[BlackElo "861"]
[PlyCount "41"]
[Result "1-0"]

1.d4 {hi, gl}  d5 2.c4 dxc4 3.e3 Nf6 4.Bxc4 e6 
5.Nf3 Bd6 6.Nc3 Bd7 7.e4 O-O 8.e5 b5 9.Bd3 Bb4 
10.exf6 Qxf6 11.O-O Nc6 12.Bxb5 Rab8 13.Bxc6 Bxc6 
14.Qd3 Rfd8 15.Bg5 Rxd4 16.Qxd4 Qxd4 17.Nxd4 h6 
18.Nxc6 Rb6 19.Nxb4 Rxb4 20.Be3 f6 
21.Bxa7 1-0

[Event "HCL-A150"]
[Site "www.playchess.de"]
[Date "2001.04.18"]
[Round "3"]
[White "One_i"]
[Black "whatsleft2"]
[WhiteElo "1636"]
[BlackElo "1815"]
[PlyCount "78"]
[Result "0-1"]

1.d4 {Good luck to you from Canada}  d5 {good luck 
to you from south texas on the gulf of mexico}  
2.Nf3 Nf6 3.Bf4 e6 4.e3 c5 5.c3 Nc6 6.Nbd2 Bd6 
7.Ne5 Qc7 8.Ndf3 Nd7 9.Bb5 O-O 10.Nxd7 Bxd7 11.Bg3 
Nxd4 12.Nxd4 cxd4 13.Bxd7 Bxg3 14.hxg3 dxc3 15.Qa4 
cxb2 16.O-O bxa1Q {%}  17.Rxa1 Rfd8 18.Bb5 a6 
19.Be2 Qc3 20.Rd1 b5 21.Qh4 Qc2 22.Qg4 Qg6 23.Qh3 
Qc2 24.Qh5 Qxa2 25.Rd4 g6 26.Qf3 e5 27.Rh4 e4 
28.Qg4 f5 29.Qf4 Qxe2 30.Qc7 h5 31.Qe7 Qe1+ 32.Kh2 
Qxf2 33.Qe6+ Kh7 34.Qf7+ Kh6 35.Qf6 Qe2 36.g4 fxg4 
37.Qf4+ Kg7 38.Qg5 Qe1 39.Rxh5 
g3+ 0-1

[Event "HCL-C310"]
[Site "www.playchess.de"]
[Date "2001.04.18"]
[Round "4"]
[White "Jeremy"]
[Black "MEATHEAD"]
[WhiteElo "1325"]
[BlackElo "933"]
[PlyCount "55"]
[Result "1-0"]

1.d4 {Good luck!}  d5 2.Nf3 Nf6 3.Bg5 Nc6 4.Nbd2 
Bf5 5.c3 g6 6.e3 Bg7 7.Bb5 O-O 8.O-O a6 9.Bxc6 
bxc6 10.Ne5 Rb8 11.Nxc6 Qc8 12.Nxe7+ Kh8 13.Nxc8 
Rbxc8 14.Re1 h6 15.Bxf6 Bxf6 16.e4 dxe4 17.Nxe4 
Rfe8 18.Nxf6 Rxe1+ 19.Qxe1 Be6 20.Qe3 Kg7 21.Qf4 
Rd8 22.Qxc7 Rc8 23.Qf4 Rc6 24.Qe5 g5 25.d5 Bxd5 
26.Nxd5+ f6 27.Qe7+ Kg6 28.Qe8+ 1-0

[Event "HCL-A146"]
[Site "www.playchess.de"]
[Date "2001.04.18"]
[Round "20"]
[White "gypla"]
[Black "myosotis1984"]
[WhiteElo "1951"]
[BlackElo "1440"]
[PlyCount "27"]
[Result "1-0"]

1.e4 e5 2.Nf3 Nc6 3.Nc3 Nf6 4.d4 exd4 5.Nxd4 d6 
6.Bc4 Be7 7.h3 {Hi, and by the way thanks for our 
last encounter. I think it was a good game, and so 
I annotated it.}  O-O 8.Be3 Nd7 9.Bxf7+ Kxf7 
10.Ne6 Qe8 11.Nxc7 Qd8 12.Nxa8 Nf6 13.Nd5 Nxe4 
14.Nac7 1-0

[Event "HCL-C304"]
[Site "www.playchess.de"]
[Date "2001.04.18"]
[Round "5"]
[White "TRUBLU"]
[Black "MEATHEAD"]
[WhiteElo "1011"]
[BlackElo "895"]
[PlyCount "77"]
[Result "1-0"]

1.Nf3 Nf6 2.g3 g6 3.Bg2 Bg7 4.O-O O-O 5.d3 d5 
6.Nbd2 Bg4 7.h3 Bxf3 8.exf3 e6 9.Re1 c5 10.c4 b6 
11.b3 Nc6 12.Bb2 Nb4 13.Nf1 d4 14.a3 Nc6 15.f4 Rc8 
16.Nh2 a6 17.Nf3 h6 18.g4 h5 19.g5 Ne8 20.Qe2 Nc7 
21.Nh4 Qd7 22.Be4 Qd6 23.f5 exf5 24.Nxf5 Qe6 
25.Bxc6 Qxc6 26.Ne7+ {Costly bishop!}  Kh8 27.Nxc6 
Ne6 28.Ne7 Rce8 29.Nf5 Nxg5 30.Ne7 Nxh3+ 31.Kh2 
Nf4 32.Qf3 Ne6 33.Rxe6 fxe6 34.Nxg6+ Kg8 35.Nxf8 
Rxf8 36.Qxh5 Rxf2+ 37.Kg3 Rxb2 38.Qe8+ Bf8 
39.Rf1 1-0

[Event "HCL-C312"]
[Site "www.playchess.de"]
[Date "2001.04.18"]
[Round "17"]
[White "Lukas"]
[Black "olaf"]
[WhiteElo "1108"]
[BlackElo "1269"]
[PlyCount "85"]
[Result "1-0"]

1.e4 Nf6 {Na Lukas fleißigen Osterhasen gehabt}  
2.e5 {Hallo! Ostern ist für mich, mehr oder 
weniger, wie jeder anderer Tag...}  Nd5 {Wieso?}  
3.c4 {Na ja, ich mache mir daraus nun mal nicht 
viel. - Aber dir trotzdem noch frohe Ostern !!}  
Nb6 {Danke}  4.d4 e6 5.f4 {Aljechin-Verteidigung - 
Hast Du das öfter?}  d5 6.c5 N6d7 7.Nf3 h6 8.Bd3 
Be7 9.Nc3 c6 10.Bd2 b6 11.b4 a5 12.a3 axb4 13.axb4 
Rxa1 14.Qxa1 b5 15.O-O Na6 16.Rc1 Nxb4 {1 Feld zu 
kurz??}  17.Nxb5 {Nein! Jetzt schlägt mein 
Springer auf b5 - Bin sehr gespannt wie es weiter 
geht...}  Nxd3 {und meiner auf d3}  18.Ba5 Nb6 
19.cxb6 Bb7 20.Nc7+ Kf8 21.Rf1 Nxf4 22.g3 Nh3+ 
23.Kg2 Qd7 24.Kxh3 g6 25.Kg2 Kg7 26.Qc1 Rb8 27.h4 
Bd8 28.Bd2 g5 29.Rh1 Bxc7 30.bxc7 Qxc7 31.hxg5 h5 
32.Rxh5 c5 33.Qxc5 Qxc5 34.dxc5 d4 35.Rh4 Bd5 
{S:b5 war wohl besser}  36.Rxd4 Rb3 37.Rxd5 
{Schluss für Heute - Gute Nacht!}  exd5 38.c6 {-}  
Rb2 39.Kh3 Rc2 40.Nd4 Rxd2 41.c7 Rxd4 42.c8Q {%}  
Re4 {bis zu Ende oder soll ich aufgeben}  43.Qf5 
{Das musst Du entscheiden. Aber auf das Mattbild 
lege ich keinen hohen Wert. - Danke für die 
Partie!}  1-0

[Event "HCL-C320"]
[Site "www.playchess.de"]
[Date "2001.04.18"]
[Round "15"]
[White "lsoule"]
[Black "thalis"]
[WhiteElo "1014"]
[BlackElo "1101"]
[PlyCount "40"]
[Result "1/2-1/2"]

1.e4 e5 2.Nf3 Nc6 3.Bb5 Nf6 4.O-O Nxe4 5.d4 Nd6 
6.Bg5 Be7 7.Bxe7 Nxe7 8.Nc3 Nxb5 9.Nxb5 d6 10.dxe5 
a6 11.exd6 axb5 12.dxe7 Qxe7 13.Re1 Be6 14.Nd4 Rd8 
15.c3 c5 16.Nxe6 fxe6 17.Qh5+ g6 18.Qf3 Rf8 19.Qe4 
Rd6 20.Rad1 Rxd1 1/2-1/2

[Event "HCL-C320"]
[Site "www.playchess.de"]
[Date "2001.04.18"]
[Round "20"]
[White "Lukas"]
[Black "lsoule"]
[WhiteElo "1143"]
[BlackElo "1014"]
[PlyCount "37"]
[Result "1-0"]

1.e4 e5 2.Nf3 Nc6 3.Bc4 Bc5 4.Bxf7+ Kxf7 5.Nxe5+ 
Nxe5 6.Qh5+ Ke6 7.f4 d6 8.fxe5 dxe5 9.Qh3+ Kd6 
10.Qd3+ Bd4 11.c3 Qh4+ 12.g3 Qf6 13.Rf1 Qe7 
14.cxd4 exd4 15.Qxd4+ Kc6 16.Rf3 Qc5 17.Rc3 Qxc3 
18.Qxc3+ Kd7 19.Qxg7+ 1-0

[Event "HCL-M003"]
[Site "www.playchess.de"]
[Date "2001.04.18"]
[Round "6"]
[White "Lindam"]
[Black "ARENA"]
[WhiteElo "2200"]
[BlackElo "2200"]
[PlyCount "21"]
[Result "1-0"]

1.d4 d5 2.Nf3 Nf6 3.Bf4 c5 4.e3 Nc6 5.Nbd2 Qb6 
6.dxc5 Qxc5 7.Nb3 Qb6 8.a4 a5 9.Ne5 Qb4+ 10.c3 Qb6 
11.Bb5 1-0

[Event "HCL-M003"]
[Site "www.playchess.de"]
[Date "2001.04.18"]
[Round "13"]
[White "Lindam"]
[Black "catalan"]
[WhiteElo "2200"]
[BlackElo "2200"]
[PlyCount "25"]
[Result "1-0"]

1.e4 e5 2.Nf3 Nc6 3.d4 exd4 4.Nxd4 Bc5 5.Nxc6 Qf6 
6.Qd2 bxc6 7.Bd3 Ne7 8.O-O d5 9.Qf4 Qxf4 10.Bxf4 
dxe4 11.Bxe4 Bd6 12.Be3 O-O 13.Re1 1-0

[Event "HCL-M003"]
[Site "www.playchess.de"]
[Date "2001.04.18"]
[Round "24"]
[White "Lindam"]
[Black "chesswiz"]
[WhiteElo "2200"]
[BlackElo "2400"]
[PlyCount "57"]
[Result "1-0"]

1.e4 d6 2.d4 Nf6 3.Nc3 g6 4.Bg5 Bg7 5.Qd2 h6 6.Bh4 
c6 7.f4 b5 8.Bd3 Bb7 9.e5 dxe5 10.fxe5 Nd5 11.Ne4 
Bc8 12.Nd6+ Kf8 13.Nxc8 Qxc8 14.Nf3 Kg8 15.O-O Kh7 
16.a4 Qd7 17.axb5 cxb5 18.Ra5 b4 19.Be4 e6 20.Bxd5 
exd5 21.Qxb4 Nc6 22.Qb5 Qe8 23.Ra3 Nxe5 24.Qxd5 
Ng4 25.Re1 Qb8 26.h3 Nf6 27.Bxf6 Bxf6 28.Qxf7+ Bg7 
29.Re6 1-0

[Event "ACL-A012"]
[Site "www.playchess.de"]
[Date "2001.04.18"]
[Round "11"]
[White "Nils"]
[Black "mhansen"]
[WhiteElo "1500"]
[BlackElo "1938"]
[PlyCount "41"]
[Result "1/2-1/2"]

1.e4 c6 2.d4 d5 3.e5 Bf5 4.Nf3 e6 5.Be2 Nd7 6.O-O 
Qc7 7.c3 f6 8.Bf4 fxe5 9.Bxe5 Nxe5 10.Nxe5 Bd6 
11.f4 Ne7 12.Bh5+ g6 13.Bg4 Bxe5 14.fxe5 Qb6 
15.Rf2 O-O 16.Bf3 c5 17.dxc5 Qxc5 18.Nd2 Nc6 
19.Qe2 Qb6 20.b4 Rac8 21.a3 1/2-1/2

[Event "ACL-A012"]
[Site "www.playchess.de"]
[Date "2001.04.18"]
[Round "22"]
[White "Nils"]
[Black "FireRook"]
[WhiteElo "1500"]
[BlackElo "1500"]
[PlyCount "65"]
[Result "1-0"]

1.e4 c5 2.Nf3 Nc6 3.Nc3 Nf6 4.d4 cxd4 5.Nxd4 e5 
6.Ndb5 d6 7.Nd5 Nxd5 8.exd5 Ne7 9.c4 Ng6 10.Bd3 
Be7 11.O-O O-O 12.Be3 a6 13.Nc3 f5 14.a4 Bg5 15.a5 
Nf4 16.Bc2 Bd7 17.Na4 Be8 18.Nb6 Rb8 19.Qd2 Bh6 
20.g3 Nh3+ 21.Kg2 Bxe3 22.fxe3 Ng5 23.Rxf5 Bg6 
24.Rxf8+ Qxf8 25.Rf1 Qe8 26.Qf2 Ne4 27.Qe2 Nf6 
28.e4 Qe7 29.h3 Nd7 30.Qe3 Nxb6 31.Qxb6 Qd8 
32.Qxd8+ Rxd8 33.b4 1-0

[Event "ACL-A012"]
[Site "www.playchess.de"]
[Date "2001.04.18"]
[Round "27"]
[White "FireRook"]
[Black "mhansen"]
[WhiteElo "1500"]
[BlackElo "1938"]
[PlyCount "52"]
[Result "0-1"]

1.e4 c5 2.Nf3 d6 3.d4 cxd4 4.Nxd4 Nf6 5.Nc3 a6 
6.Bg5 e6 7.f4 Be7 8.Qf3 Qc7 9.O-O-O O-O 10.g4 b5 
11.Bxf6 Bxf6 12.g5 Bxd4 13.Rxd4 Bb7 14.Kb1 Nc6 
15.Rd2 b4 16.Nd1 a5 17.h4 d5 18.exd5 Ne7 19.Bd3 
Bxd5 20.Be4 Rad8 21.Bxd5 Nxd5 22.Rd4 a4 23.Ne3 b3 
24.axb3 axb3 25.cxb3 Nc3+ 26.bxc3 
Qxc3 0-1

[Event "ACL-A012"]
[Site "www.playchess.de"]
[Date "2001.04.18"]
[Round "29"]
[White "Lindam"]
[Black "Nils"]
[WhiteElo "1500"]
[BlackElo "1500"]
[PlyCount "45"]
[Result "1-0"]

1.d4 Nf6 2.Bg5 d5 3.Nd2 Nbd7 4.Ngf3 h6 5.Bf4 g5 
6.Bg3 Nh5 7.Be5 f6 8.Bg3 e5 9.e4 dxe4 10.Nxe4 Nxg3 
11.hxg3 Qe7 12.Qd2 g4 13.Nh4 exd4 14.O-O-O Ne5 
15.Qf4 Bg7 16.Rxd4 O-O 17.Nf5 Bxf5 18.Qxf5 Qf7 
19.Bc4 Nxc4 20.Rd7 Rae8 21.Rxf7 Rxf7 22.Qxg4 Nxb2 
23.Nc3 1-0

[Event "ACL-A012"]
[Site "www.playchess.de"]
[Date "2001.04.18"]
[Round "34"]
[White "mhansen"]
[Black "Lindam"]
[WhiteElo "1938"]
[BlackElo "1500"]
[PlyCount "88"]
[Result "0-1"]

1.e4 c5 2.c3 Nf6 3.e5 Nd5 4.d4 cxd4 5.Nf3 Nc6 
6.cxd4 d6 7.Bc4 Nb6 8.Bb5 dxe5 9.Nxe5 Bd7 10.Bxc6 
Bxc6 11.Nxc6 bxc6 12.O-O g6 13.Re1 Bg7 14.Bg5 Nc8 
15.Nc3 O-O 16.Qf3 Rb8 17.b3 Qxd4 18.Rac1 Qb4 
19.Qxc6 e6 20.Qf3 Ne7 21.Ne4 Nd5 22.Nc5 Rbc8 
23.Re4 Qa5 24.Ra4 Qb6 25.Rac4 Rc7 26.Be3 Rfc8 
27.b4 Bb2 28.R1c2 Ba3 29.Bf4 Nxf4 30.Qxa3 Nd5 
31.h3 Qb5 32.Qb2 a5 33.a4 Qb6 34.Qe5 axb4 35.Nd7 
R7xc4 36.Nxb6 R4xc2 37.Nxc8 Rxc8 38.a5 Ra8 39.Qa1 
b3 40.Kf1 Rb8 41.a6 b2 42.Qb1 Rb6 43.a7 Nc7 
44.a8Q+ Nxa8 0-1

[Event "HCL-A061"]
[Site "www.playchess.de"]
[Date "2001.04.19"]
[Round "23"]
[White "StuartThomson"]
[Black "Brrrr"]
[WhiteElo "1700"]
[BlackElo "1796"]
[PlyCount "56"]
[Result "0-1"]

1.d4 Nf6 2.c4 g6 3.Nf3 Bg7 {Happy New Year, Sir!}  
4.Nc3 O-O 5.e4 d6 6.Be2 e5 7.d5 a5 8.Be3 Ng4 9.Bg5 
Qd7 10.h3 Nf6 11.Qc2 Na6 12.O-O Nc5 13.a3 a4 
14.Be3 Nb3 15.Nd2 Nxa1 16.Rxa1 Ne8 17.Bd1 f5 
18.Nxa4 f4 19.Bb6 Qd8 20.c5 cxb6 21.Nxb6 Rb8 22.b4 
Nf6 23.Ndc4 dxc5 24.bxc5 Nd7 25.Bg4 Nxb6 26.Nxb6 
Bxg4 27.hxg4 f3 28.a4 Qh4 0-1

[Event "HCL-A061"]
[Site "www.playchess.de"]
[Date "2001.04.19"]
[Round "25"]
[White "StuartThomson"]
[Black "Chapo"]
[WhiteElo "1700"]
[BlackElo "1700"]
[PlyCount "50"]
[Result "0-1"]

1.d4 Nf6 2.c4 b6 3.Nf3 Bb7 4.e3 d5 5.Nc3 e6 6.Bd3 
Be7 7.O-O Nbd7 8.Qe2 O-O 9.e4 dxe4 10.Nxe4 Nxe4 
11.Bxe4 Bxe4 12.Qxe4 Nf6 13.Qd3 c5 14.Be3 Qc7 
15.Qc2 Ng4 16.h3 Nxe3 17.fxe3 cxd4 18.exd4 Rac8 
19.b3 Rfd8 20.Qf2 Qf4 21.Rad1 Bf6 22.g3 Qf5 23.Kg2 
Rd7 24.Qe3 Qa5 25.Qf2 Rcd8 0-1

[Event "HCL-B120"]
[Site "www.playchess.de"]
[Date "2001.04.19"]
[Round "1"]
[White "Japie"]
[Black "TI"]
[WhiteElo "1210"]
[BlackElo "1458"]
[PlyCount "46"]
[Result "0-1"]

1.d4 Nf6 2.e4 Nxe4 3.Bd3 Nf6 4.Nf3 d6 5.O-O g6 
6.Nc3 Bg7 7.Re1 O-O 8.h3 b6 9.Ne4 Nbd7 10.Nfg5 Bb7 
11.Qf3 Kh8 12.c4 h6 13.Qg3 hxg5 14.Nxg5 Nh5 15.Qh4 
Kg8 16.Ne6 fxe6 17.Bxg6 Nhf6 18.Bg5 e5 19.Bh6 Bxh6 
20.Qxh6 e6 21.Re4 Bxe4 22.Re1 Bxg6 23.Qxg6+ 
Kh8 0-1

[Event "HCL-C142"]
[Site "www.playchess.de"]
[Date "2001.04.19"]
[Round "33"]
[White "lulu"]
[Black "Brazil"]
[WhiteElo "1297"]
[BlackElo "1000"]
[PlyCount "54"]
[Result "0-1"]

1.e4 c5 2.c3 e5 3.Nf3 d6 4.d4 cxd4 5.cxd4 Nf6 
6.dxe5 dxe5 7.Qxd8+ Kxd8 8.Bd3 Nc6 9.O-O Bc5 
10.Bg5 Kf8 11.Nc3 h6 12.Bxf6 gxf6 13.Bb5 a6 
14.Bxc6 bxc6 15.h3 Rb8 16.b3 Rd8 17.Rfd1 Be6 
18.Na4 Ba7 19.Rac1 Rd7 20.Rxd7 Bxd7 21.Nc5 Bxc5 
22.Rxc5 Rb5 23.Rc2 Rb4 24.Nd2 Rd4 25.f3 f5 26.exf5 
Bxf5 27.Rb2 Bd3 0-1

[Event "HCL-E018"]
[Site "www.playchess.de"]
[Date "2001.04.19"]
[Round "17"]
[White "lubos"]
[Black "Hertie"]
[WhiteElo "1920"]
[BlackElo "2158"]
[PlyCount "59"]
[Result "1-0"]

1.e4 e5 2.Nf3 Nc6 3.Bb5 a6 4.Ba4 Nf6 5.Bxc6 dxc6 
6.d3 Bc5 7.O-O Bg4 8.h3 Bxf3 9.Qxf3 h6 10.Qg3 Qe7 
11.Qxg7 O-O-O 12.Qg3 Rdg8 13.Qf3 Rg6 14.Be3 Rhg8 
15.g3 Bxe3 16.Qxe3 Qe6 17.Kh2 h5 18.Qf3 Ng4+ 
19.hxg4 hxg4 20.Qf5 Rh6+ 21.Kg2 Rgh8 22.Rg1 R6h2+ 
23.Kf1 Qxf5 24.exf5 R8h5 25.Ke1 Rxf5 26.Rf1 Rfh5 
27.Nc3 f5 28.Rd1 Rg2 29.d4 e4 30.Ne2 1-0

[Event "ACL-A062"]
[Site "www.playchess.de"]
[Date "2001.04.19"]
[Round "23"]
[White "vrad"]
[Black "Hermi"]
[WhiteElo "1484"]
[BlackElo "1804"]
[PlyCount "84"]
[Result "0-1"]

1.e4 c6 2.d4 d5 3.Nd2 dxe4 4.Nxe4 Nd7 5.Nf3 Ngf6 
6.Ng3 e6 7.Bd3 Be7 8.c3 c5 9.O-O O-O 10.Re1 b6 
11.Ne4 Bb7 12.Bf4 cxd4 13.cxd4 Nxe4 14.Bxe4 Bxe4 
15.Rxe4 Nf6 16.Re2 Qd5 17.a3 Rac8 18.Rc1 Rxc1 
19.Qxc1 a5 20.Rc2 Qe4 21.Bg5 h6 22.Bxf6 Bxf6 
23.Rc4 Rd8 24.h3 Bxd4 25.Nxd4 Rxd4 26.Rc8+ Kh7 
27.Rc7 Qd5 28.Qc2+ f5 29.Qc3 Qd6 30.g3 e5 31.Qc6 
Rd1+ 32.Kg2 Qd3 33.Qc4 Qxc4 34.Rxc4 Rd2 35.b4 Rd4 
36.Rc6 axb4 37.Rxb6 bxa3 38.Ra6 Rd3 39.Ra5 e4 
40.Rxf5 a2 41.Ra5 Rd2 42.g4 e3 0-1

[Event "ACL-A065"]
[Site "www.playchess.de"]
[Date "2001.04.19"]
[Round "6"]
[White "Machiavelli_________"]
[Black "Dimentiy"]
[WhiteElo "1500"]
[BlackElo "1500"]
[PlyCount "53"]
[Result "1-0"]

1.e4 c5 2.Nf3 d6 3.d4 cxd4 4.Nxd4 Nf6 5.Nc3 a6 
6.Be3 e5 7.Nb3 Be6 8.Be2 Nbd7 9.O-O Be7 10.f4 exf4 
11.Bxf4 Ne5 12.Kh1 O-O 13.Nd4 Bc4 14.Nf5 Bxe2 
15.Qxe2 Re8 16.Bg5 Ned7 17.Rad1 Qb6 18.b3 Bf8 
19.Qf3 Qc7 20.Nh6+ gxh6 21.Bxf6 Nxf6 22.Qxf6 Bg7 
23.Nd5 Qd7 24.Qh4 Re6 25.Nb6 Qd8 26.Qf2 Rf6 
27.Qe3 1-0

[Event "HCL-C153"]
[Site "www.playchess.de"]
[Date "2001.04.19"]
[Round "12"]
[White "laehndie26"]
[Black "ankush2g"]
[WhiteElo "1000"]
[BlackElo "1000"]
[PlyCount "56"]
[Result "0-1"]

1.d4 d5 2.e3 Nf6 3.Nc3 e6 4.Nf3 Bd6 5.Bd3 a6 6.O-O 
c5 7.dxc5 Bxc5 8.e4 h6 9.Bf4 Nc6 10.exd5 Nxd5 
11.Nxd5 Qxd5 12.c4 Qd8 13.a3 Qf6 14.b4 Bxf2+ 
15.Rxf2 Qxf4 16.g3 Qc7 17.b5 Na5 18.Qe2 O-O 19.Rb1 
Qc5 20.Ra1 Re8 21.a4 e5 22.Nxe5 Rxe5 23.Be4 Bf5 
24.Re1 Rae8 25.Qh5 Bxe4 26.Qg4 Bf5 27.Qh5 R5xe1+ 
28.Kg2 Be4+ 0-1